• 首页
  • 本馆介绍
  • 公告通知
  • 最新文献
  • 馆藏检索
  • 电子资源
  • 读者导购
  • 参考咨询
  • 我的图书馆
  • 登录
  • 详细信息显示
  • 放入我的书架
  • 预约/预借图书
  • 作者相关作品
  • 分类相关作品
  • 丛书相关作品
  • 出版社相关作品

书目信息

  • 表格格式
  • 工作单格式
  • 卡片格式
题名:
药物分析学
    
 
作者: 林丽美 主编
分册:  
出版信息: 长春   吉林大学出版社  2015.3
页数: 383页
开本: 24cm
丛书名:
单 册:
中图分类: R917
科图分类:
主题词: 药物分析
电子资源:
ISBN: 978-7-5677-3323-7
000 00902nam0 2200229 450
001 012015000225
005 20151130093455.18
010    @a978-7-5677-3323-7@dCNY52.00
100    @a20150330d2015 em y0chiy0110 ea
101 0  @achi
102    @aCN@b220000
105    @ay z 000yy
106    @ar
200 1  @a药物分析学@Ayao wu fen xi xue@f林丽美主编
210    @a长春@c吉林大学出版社@d2015.3
215    @a383页@d24cm
330    @a本教材绪论介绍了药物分析概况;第一至四章宏观讲解药典概况、药物鉴别试验、药物杂质检查、含量测定方法;第五至十六章分别按照药物类别介绍了每一类药物的结构与性质、鉴别试验、特殊杂质检查和含量测定;第十七至十八章系统介绍了生物制品、中药及其制剂;第十九章至二十章,扩展介绍了药品标准修订和药品质量控制中现代分析方法的应用。
606 0  @a药物分析
690    @aR917@v5
701  0 @a林丽美@Alin li mei@4主编
801  0 @aCN@b碧洲教育@c20151127
905    @a10447@f4@dR917@e103
    
    药物分析学/林丽美主编.-长春:吉林大学出版社,2015.3
    383页;24cm
    
    
    ISBN 978-7-5677-3323-7:CNY52.00
    本教材绪论介绍了药物分析概况;第一至四章宏观讲解药典概况、药物鉴别试验、药物杂质检查、含量测定方法;第五至十六章分别按照药物类别介绍了每一类药物的结构与性质、鉴别试验、特殊杂质检查和含量测定;第十七至十八章系统介绍了生物制品、中药及其制剂;第十九章至二十章,扩展介绍了药品标准修订和药品质量控制中现代分析方法的应用。
●
相关链接 在E读中查询图书 在五车中查询图书 在当当中查询图书 在豆瓣中查询图书


正题名:药物分析学     索取号:R917/103         预约/预借

序号 登录号 条形码 馆藏地/架位号 状态 备注
1 0871225   208712259   第二样本阅览室/ [索取号:R917/103] 在馆    
2 0871226   208712268   第三借阅区/ [索取号:R917/103] 在馆    
3 0871227   208712277   第三借阅区/ [索取号:R917/103] 在馆    
4 0871228   208712286   密集书库-生命科学系/ [索取号:R917/103] 在馆    
唐山师范学院图书馆 欢迎您!
大连网信软件有限公司© 版权所有